Logo BPK

Biblioteka

Politechniki Koszalińskiej

Podręcznik ICLEI[International Council for Local Environmental Initiatives] w zakresie zarządzania środowiskiem dla władz samorządowych Środkowej i Wschodniej Europy. (Rekord nr 36121)

Szczegóły MARC
000 -ETYKIETA REKORDU
podpole kontrolne o stałej długości 01267nam a2200277 i 4500
001 - NUMER KONTROLNY REKORDU
pole kontrolne bg
020 ## - MIĘDZYNARODOWY ZNORMALIZOWANY NUMER KSIĄŻKI - ISBN
ISBN 8388070045
040 ## - ŹRÓDŁO KATALOGOWANIA
Instytucja, która utworzyła rekord BPK
041 1# - KOD JĘZYKA
Kod języka tekstu pl
080 ## - UNIWERSALNA KLASYFIKACJA DZIESIĘTNA - UKD
UKD 352/353:332.1:504.06](4-191.2-11)
920 ## - Międzynarodowy znormalizowany numer książki – ISBN
ISBN 83-88070-04-5
008 - POLE O STAŁEJ DŁUGOŚCI - DANE KONTROLNE
podpole kontrolne o stałej długości s pl f |000 0 pol
100 1# - NAZWA OSOBOWA
Nazwa osobowa HEWITT, Nicola.
245 00 - TYTUŁ/ODPOWIEDZIALNOŚĆ
Tytuł Podręcznik ICLEI[International Council for Local Environmental Initiatives] w zakresie zarządzania środowiskiem dla władz samorządowych Środkowej i Wschodniej Europy.
Oznaczenie części/sekcji dzieła T.7,
Tytuł części/sekcji dzieła Instrumenty prawne wdrażania polityki ekologicznej /
Pozostałe elementy strefy tytułu i oznaczenia odpowiedzialności [aut. tomu] Martin Storksdieck, Heinz-Joachim Peters ; współpr. Konrad Otto-Zimmermann ; Nicola Hewitt ; [kier. projektu Konrad Otto-Zimmermann].
260 ## - STREFA ADRESU WYDAWNICZEGO
Miejsce wydania Freiburg ; Gdańsk :
Nazwa wydawcy/dystrybutora ICLEI European Secretariat :
-- Fundacja ECOBALTIC,
Data publikacji, dystrybucji/powstania dokumentu 1997.
300 ## - STREFA OPISU FIZYCZNEGO
Objętość 43 s. ;
Rozmiary 30 cm.
500 ## - UWAGI OGÓLNE
Tekst uwagi Zawiera dodatek dotyczący Unii Europejskiej.
650 #9 - HASŁO PRZEDMIOTOWE W FORMIE NAZWY OGÓLNEJ LUB JEDNOSTKOWEJ
Nazwa ogólna lub geograficzna Zarządzanie
Określnik ogólny gospodarka
Określnik geograficzny Europa Środkowo-Wschodnia
650 #9 - HASŁO PRZEDMIOTOWE W FORMIE NAZWY OGÓLNEJ LUB JEDNOSTKOWEJ
Nazwa ogólna lub geograficzna Samorząd terytorialny
Określnik geograficzny Europa Środkowo-Wschodnia
650 #9 - HASŁO PRZEDMIOTOWE W FORMIE NAZWY OGÓLNEJ LUB JEDNOSTKOWEJ
Nazwa ogólna lub geograficzna Środowisko człowieka
Określnik ogólny polityka
Określnik geograficzny Europa Środkowo-Wschodnia
655 ## - TERMIN INDEKSOWY - OKREŚLENIE RODZAJU/FORMY DOKUMENTU
Określenie rodzaju/formy dokumentu Podręczniki
700 1# - HASŁO DODATKOWE - NAZWA OSOBOWA
Nazwa osobowa STORKSDIECK, Martin.
700 1# - HASŁO DODATKOWE - NAZWA OSOBOWA
Nazwa osobowa PETERS, Heinz-Joachim.
700 1# - HASŁO DODATKOWE - NAZWA OSOBOWA
Nazwa osobowa OTTO-ZIMMERMANN, Konrad.
856 ## - LOKALIZACJA I DOSTĘP DO ELEKTRONICZNYCH DOKUMENTÓW ZDALNYCH
Link (URL) http://koha.tu.koszalin.pl/cgi-bin/koha/opac-detail.pl?biblionumber=36121
Tekst linku Katalog online BPK
942 ## - DODATKOWE ELEMENTY (KOHA)
Typ dokumentu Książka
Egzemplarze
Wycofany Status egzemplarza Uszkodzony Dostępność Lokalizacja stała Lokalizacja bieżąca Miejsce przechowywania Sygnatura Kod kreskowy Typ dokumentu
      Tylko na miejscu Biblioteka Politechniki Koszalińskiej Biblioteka Politechniki Koszalińskiej Czytelnia Wydziałowa ul. Kwiatkowskiego 6e 49749 01435481 Książka
© 2023 Biblioteka Politechniki Koszalińskiej :: KOHA